00349pab a2200133 454500008004000000100001600040245004800056260000900104300001500113362001100128650003100139650001100170773003400181180718b2001 xxu||||| |||| 00| 0 eng d aDatar, M.K. aA risk perspective on the Union budget 2001 c2001 ap.1375-378 a28 Apr aBudget - India - 2001-2002 aBudget aEconomic and Political Weekly